[Event "11th Arad Open 2018"]
[Site "Arad"]
[Date "2018.08.05"]
[Round "1"]
[White "Bonte, Arghir"]
[Black "Jianu, Vlad Cristian"]
[Result "0-1"]
[WhiteElo "1920"]
[BlackElo "2542"]
[Annotator "TA"]
[PlyCount "72"]
[EventDate "2018.08.05"]
[EventType "swiss"]
[EventCountry "ROU"]
[SourceTitle "playchess.com"]
[Source "ChessBase"]
[SourceQuality "1"]

{[%evp 14,72,50,38,46,40,42,7,12,3,22,14,-1,-6,-14,-13,-10,-23,0,-96,-95,-172,-168,-169,-141,-218,-208,-297,-306,-280,-288,-269,-302,-343,-326,-400,-416,-406,-404,-387,-387,-457,-457,-651,-637,-771,-776,-772,-764,-1367,-1272,-1429,-1406,-1678,-1685,-1364,-1488,-1373,-1407,-1384,-1375]} 1. d4 Nf6 2. Nf3 g6 3. g3 Bg7 4. Bg2 O-O 5. O-O d6 6. c4 c6 7. Nc3 Qa5 8. Bd2 {LiveBook: 37 Games. E62: King's Indian: Fianchetto: 6...c6 and Panno Variation (6...Nc6) without ...a6} (8. e4 e5 9. h3 Nbd7 10. Re1 exd4 11. Nxd4 Re8 12. Rb1 Ne5 13. Bf1 a6 14. f4 Ned7 15. Kh2 h5 16. Bg2 Qc7 17. Kh1 a5 18. Be3 Bf8 19. Qc2 Nc5 20. Bf2 a4 21. b4 {0-1 (44) Praggnanandhaa,R (2529)-Ernst,S (2555) Apeldoorn 2018}) 8... Qc7 9. e4 e5 10. dxe5 {White is slightly better.} dxe5 11. Qe2 Nbd7 {[%cal Bb8d7,Bd7f8,Bf8e6,Be6d4][%mdl 32]} 12. b4 $146 ({Predecessor:} 12. Ne1 Re8 13. Be3 Nf8 14. f3 b6 15. Nc2 Be6 16. b3 Rad8 17. Rad1 Nh5 18. Rxd8 Qxd8 {0-1 (81) Fries Nielsen,P-Meyer,L Copenhagen 1991}) 12... Rd8 13. Rfd1 a5 14. a3 Nf8 15. h3 Ne6 16. Be3 (16. Na4 $11) 16... Nd4 17. Nxd4 (17. Qb2 $17) 17... exd4 $19 18. Bf4 Qe7 $36 {[%mdl 2048] [#] And now ...Nh5 would win. Black is in control.} 19. Na2 (19. e5 $17 Nd7 20. Ne4 Nxe5 21. Rac1) 19... Nh5 20. Qd2 (20. Bd2 {might work better.}) 20... Nxf4 21. Qxf4 d3 22. Rab1 Be6 23. Qc1 Rd4 24. Qe3 Bxc4 25. Nc1 axb4 26. axb4 Ra3 27. Rd2 Rd6 {Black is clearly winning.} 28. Qc5 (28. Bf1 $142 Bd4 29. Qf4) 28... b5 29. Qe3 Bd4 30. Qf4 Rf6 31. Qh6 Qe5 {White must now prevent ...Qxg3.} 32. h4 Qxg3 {[%cal Rf6f2]} 33. Qg5 Qxg5 34. hxg5 {[#]} Rxf2 $1 {[%mdl 512]} 35. Rxf2 d2 36. Nd3 Rxd3 {Precision: White = 32%, Black = 98%.} 0-1

[Event "11th Arad Open 2018"]
[Site "Arad"]
[Date "2018.08.05"]
[Round "1"]
[White "Alboni, Denis Dean"]
[Black "Deepan, Chakkravarthy J."]
[Result "0-1"]
[WhiteElo "1912"]
[BlackElo "2530"]
[Annotator "TA"]
[PlyCount "90"]
[EventDate "2018.08.05"]
[EventType "swiss"]
[EventCountry "ROU"]
[SourceTitle "playchess.com"]
[Source "ChessBase"]
[SourceQuality "1"]

{[%evp 18,90,13,4,4,4,50,13,25,0,40,42,32,0,0,0,-22,-109,-94,-118,-116,-204,-207,-210,-200,-194,-86,-77,-72,-91,-89,-110,-92,-109,-104,-109,-110,-171,-155,-163,-179,-231,-227,-240,-239,-226,-226,-238,-181,-231,-218,-323,-309,-300,-314,-294,-251,-407,-395,-386,-383,-671,-639,-552,-528,-606,-593,-849,-849,-1250,-1116,-5816,-5800,-29973,-29972]} 1. d4 Nf6 2. Nf3 e6 3. Bf4 c5 4. e3 Be7 5. h3 O-O 6. Bd3 Nc6 7. c3 b6 8. O-O Bb7 9. Nbd2 Rc8 10. Qe2 {LiveBook: 18 Games. A47: 1 d4 Nf6 2 Nf3 b6: Torre, London and Colle Systems} Nh5 (10... d5 11. Ne5 c4 12. Bc2 b5 13. e4 Nxe5 14. dxe5 Nxe4 15. Nxe4 dxe4 16. Rfd1 Qc7 17. Bxe4 Rfd8 18. Bxb7 Qxb7 19. Rxd8+ Rxd8 {½-½ (40) Sean,W (2406)-Ikeda,J (2398) Balatonlelle 2017}) 11. Bh2 f5 12. e4 $146 {Hoping for exf5.White is slightly better.} ({Predecessor:} 12. Nc4 d6 13. a4 Nf6 14. Rfd1 d5 15. Nce5 Ne4 16. Bb5 Nxe5 17. Nxe5 {½-½ (43) Skytte,T (1948)-Zhang,F (2087) Aarhus 2012}) 12... fxe4 13. Nxe4 Nf4 14. Bxf4 $1 Rxf4 15. g3 Rf8 16. h4 cxd4 17. Neg5 (17. Nxd4 $11 Nxd4 18. cxd4) 17... g6 $17 18. cxd4 Bxg5 $1 19. hxg5 (19. Nxg5 $17 Nxd4 20. Qe5) 19... Nb4 $19 20. Be4 Ba6 21. Qe3 Bxf1 (21... d5 $19 22. Bb1 Rxf3 23. Qxf3 Bxf1 24. Kxf1 Qxg5) 22. Rxf1 $17 Nd5 23. Qd3 Qe7 24. Kg2 Nb4 25. Qb3 Nc6 {[%cal Bb4c6,Bc6a5,Ba5b7,Bb7d6,Bd6e4][%mdl 32]} 26. d5 Na5 27. Qd3 (27. Qd1 $17) 27... Nb7 $1 $19 28. b4 Nd6 29. Re1 (29. dxe6 {is a better defense.} dxe6 30. Re1 Nxe4 31. Rxe4) 29... Nxe4 30. Rxe4 Qd6 31. Rd4 {[#]} e5 $1 {[%cal Re5d4]} 32. Re4 Rf5 {And now ...Rcf8 would win.} 33. g4 {[#]} Rf4 $1 34. Nxe5 (34. Rxf4 $142 exf4 35. a3) 34... Rcf8 35. f3 Rxe4 36. Qxe4 {[%mdl 4096] Endgame KQR-KQN} Qe7 {aiming for ...Re8.} 37. Qd4 $2 (37. d6 Qxd6 38. Qc4+ Qe6 39. Qxe6+ dxe6 40. Nc6) 37... Re8 ({Not} 37... d6 38. Nc6 $19) 38. Nd3 Qe3 39. Qxe3 $2 (39. Qc4 Qxg5 40. Nf2) 39... Rxe3 {KR-KN} 40. Nf2 Ra3 41. Ne4 Rxa2+ 42. Kg3 a5 {[%cal Ba7a5,Ba5b4,Bb4b3][%mdl 32]} 43. Nf6+ Kf7 44. Nxd7 axb4 45. Nxb6 b3 {Precision: White = 37%, Black = 72%.} 0-1

[Event "11th Arad Open 2018"]
[Site "Arad"]
[Date "2018.08.05"]
[Round "1"]
[White "Filip, Andrei (L.)"]
[Black "Stany, G.A."]
[Result "0-1"]
[WhiteElo "1901"]
[BlackElo "2494"]
[Annotator "TA"]
[PlyCount "84"]
[EventDate "2018.08.05"]
[EventType "swiss"]
[EventCountry "ROU"]
[SourceTitle "playchess.com"]
[Source "ChessBase"]
[SourceQuality "1"]

{[%evp 18,84,25,0,32,33,70,45,43,34,53,19,19,31,36,25,22,30,18,29,30,0,7,0,0,0,63,-60,-30,-18,-6,-32,-19,-22,-24,-22,-18,-63,-58,-56,-66,-86,-86,-86,-86,-93,-95,-108,-138,-186,-149,-216,-229,-221,-221,-221,-221,-214,-214,-215,-215,-215,-215,-256,-249,-310,-303,-300,-293]} 1. Nf3 Nf6 2. c4 g6 3. d4 Bg7 4. g3 d5 5. cxd5 Nxd5 6. Bg2 Nb6 7. O-O Nc6 8. e3 O-O 9. Nc3 Re8 10. Qe2 {LiveBook: 73 Games. D76: Fianchetto Grünfeld: Main Line with 7...Nb6} (10. a3 e5 11. d5 Na5 12. Qc2 c6 13. b4 Nac4 14. dxc6 bxc6 15. Rd1 Bf5 16. e4 Bd7 17. Na4 Nxa4 18. Qxc4 {½-½ (50) Le,Q (2737)-Ivanchuk,V (2726) Huaian 2017}) 10... a5 11. Rd1 a4 12. Bd2 {White is slightly better.} Be6 {Black wants to play ...Bc4.} 13. Be1 {Strongly threatening d5!} Bc4 14. Qd2 Qc8 $146 ({Predecessor:} 14... Ba6 15. Rac1 Nc4 16. Qc2 a3 17. bxa3 Nxa3 {½-½ (63) Bajlo,K (2105)-Chkhaidze,N (2323) Malinska 2015}) 15. Rac1 Nb4 16. Nxa4 Rxa4 17. b3 Rxa2 18. Qxb4 Bd5 19. Rd2 Rxd2 20. Nxd2 Bxg2 21. Kxg2 e5 ({Black should try} 21... Qd7 $11) 22. Nf3 (22. Qb5 $1 $14) 22... exd4 (22... e4 {is more complex.} 23. Nd2 Nd5 24. Qc5 Qd7 25. Qa7 c6) 23. Nxd4 Qd7 24. Qb5 {And now Qxd7 would win.} (24. Ne2 {seems wilder.} Qd5+ 25. Kg1 Bf8 26. Qd4 Qxd4 27. Nxd4 Nd5 28. b4) 24... Bxd4 25. Qxd7 Nxd7 26. exd4 $15 {[%mdl 4096] Endgame KRB-KRN} Nf6 27. Bb4 Nd5 28. Ba5 $1 c6 29. Re1 Ra8 30. Ra1 Ra6 31. Ra4 b5 32. Ra1 {[#]} Nb4 $1 {[%mdl 512]} 33. h4 (33. Bxb4 Rxa1) 33... f6 34. Ra3 (34. g4 $17 {keeps fighting.}) 34... Nc2 $19 35. Ra2 Nxd4 36. b4 {[#]} c5 $1 {[%mdl 512]} 37. Rd2 (37. bxc5 Nc6) 37... Nc6 38. Rd5 cxb4 ({Not} 38... Nxa5 39. bxa5 Rxa5 40. Rxc5 $15) 39. Bc7 Ra7 40. Bb6 {[#]} Rb7 $1 {[%cal Rb7b6]} 41. Rxb5 Ne7 42. Rxb4 Nd5 {Precision: White = 49%, Black = 82%.} 0-1

[Event "11th Arad Open 2018"]
[Site "Arad"]
[Date "2018.08.05"]
[Round "1"]
[White "Balog, Imre"]
[Black "Ursente, Tudor Alexandru"]
[Result "1-0"]
[WhiteElo "1895"]
[BlackElo "1918"]
[Annotator "NA"]
[PlyCount "43"]
[EventDate "2018.08.05"]
[EventType "swiss"]
[EventCountry "ROU"]
[SourceTitle "playchess.com"]
[Source "ChessBase"]
[SourceQuality "1"]
[TimeControl "40/5400+30:1800+30"]

1. e4 {[%emt 0:00:00]} c5 {[%emt 0:00:00]} 2. Nf3 {[%emt 0:00:04]} e6 {[%emt 0:00:00]} 3. b3 {[%emt 0:00:23]} d6 {[%emt 0:00:29]} 4. Bb2 {[%emt 0:00:26]} Nc6 {[%emt 0:00:40]} 5. Bb5 {[%emt 0:01:15]} Bd7 {[%emt 0:00:38]} 6. O-O {[%emt 0:00:46]} Nf6 {[%emt 0:00:05]} 7. Re1 {[%emt 0:00:17]} Be7 {[%emt 0:00:12]} 8. c3 {[%emt 0:00:36]} a6 {[%emt 0:04:10]} 9. Bf1 {[%emt 0:00:21]} O-O {[%emt 0:00:06]} 10. d4 {[%emt 0:00:27]} cxd4 {[%emt 0:00:06]} 11. cxd4 {[%emt 0:00:19]} Rc8 {[%emt 0:00:10]} 12. Nc3 {[%emt 0:00:27]} d5 {[%emt 0:15:59]} 13. e5 {[%emt 0:00:19]} Ne8 {[%emt 0:00:04]} 14. Bd3 {[%emt 0:01:25]} b5 {[%emt 0:08:58]} 15. Qd2 {[%emt 0:01:12]} Qb6 {[%emt 0:07:33]} 16. Rad1 {[%emt 0:00:45]} Na5 {[%emt 0:10:03]} 17. Qf4 {[%emt 0:03:14]} b4 {[%emt 0:00:50]} 18. Ne2 {[%emt 0:00:33]} Bb5 {[%emt 0:04:34]} 19. Bb1 {[%emt 0:00:19]} Nc6 {[%emt 0:00:53]} 20. Ng3 {[%emt 0:00:35]} a5 {[%emt 0:02:54]} 21. Nf5 {[%emt 0:02:45]} Qd8 {[%emt 0:04:17]} 22. Nh6+ {[%emt 0:05:07]} 1-0

[Event "11th Arad Open 2018"]
[Site "Arad"]
[Date "2018.08.05"]
[Round "1"]
[White "Mircov, Nicola-Alexandar"]
[Black "Swayams, Mishra"]
[Result "1/2-1/2"]
[WhiteElo "1891"]
[BlackElo "2467"]
[Annotator "TA"]
[PlyCount "219"]
[EventDate "2018.08.05"]
[EventType "swiss"]
[EventCountry "ROU"]
[SourceTitle "playchess.com"]
[Source "ChessBase"]
[SourceQuality "1"]

{[%evp 21,219,10,27,10,38,-15,-7,0,27,7,99,76,58,52,68,59,200,139,152,151,196,100,121,0,1,0,0,0,0,0,0,0,0,0,0,0,0,0,0,-3,-24,-20,160,160,220,209,228,234,228,231,229,156,237,193,387,385,432,356,464,441,475,475,462,460,439,426,388,356,510,516,507,501,466,321,306,143,170,115,112,66,35,16,16,-8,-8,-8,-8,-7,-7,-7,-7,-8,0,0,0,-8,0,-8,-10,-9,-8,-8,-8,-15,-8,-8,-8,-8,0,0,0,-8,-8,-8,-8,-8,0,-8,0,0,0,0,0,0,0,0,0,0,0,-8,0,0,0,0,0,0,0,0,0,0,0,0,0,0,0,0,0,0,0,0,0,0,0,-8,0,0,0,0,0,0,0,0,0,0,0,-8,0,0,0,0,0,0,0,0,0,0,0,0,0,-8,0,0,0,0,0,-8,0,0,0,0,0,0,0,0,8,0,10,-8,-8,-8]} 1. e4 e6 2. d4 d5 3. e5 c5 4. c3 Qb6 5. Nf3 Nc6 6. a3 Nh6 7. b4 cxd4 8. cxd4 Nf5 9. Be3 Bd7 10. Bd3 Nxe3 11. fxe3 Be7 {LiveBook: 23 Games. C02: French: Advance Variation} (11... g6 12. Nc3 Nxb4 13. axb4 Bxb4 14. O-O Bxc3 15. Rc1 Rc8 16. Ng5 O-O 17. Qg4 Bd2 18. Qh3 h5 19. Rxc8 Bxc8 20. Qf3 Qd8 21. Nxf7 Bxe3+ 22. Kh1 Qh4 23. Bxg6 Bg5 24. Bh7+ {1-0 (24) Caruana,F (2773)-Vallejo Pons,F (2697) Sao Paulo/Bilbao 2012}) 12. Nbd2 f6 {Threatening ...fxe5.} 13. b5 ({Better is} 13. O-O $14) 13... Na5 $11 14. exf6 $146 ({Predecessor:} 14. Qe2 Rc8 15. O-O f5 16. g4 O-O 17. gxf5 exf5 {0-1 (30) Palleja,X (2206)-Libiszewski,F (2482) Montpellier 2006}) 14... Bxf6 15. Ne5 g6 (15... Bxe5 $1 $11 16. Qh5+ g6 17. Qxe5 O-O) 16. Nxd7 Kxd7 17. O-O Rhf8 18. Qg4 Ke7 (18... Qd6 $14) 19. Kh1 Rac8 20. Qh3 Rf7 21. Rae1 (21. Nf3 $18) 21... Rc3 $16 {[#]} 22. e4 (22. Be2 $1 $16) 22... Qxd4 $11 {[#]} 23. e5 $1 {[%mdl 512]} Bh4 (23... Bxe5 24. Rxf7+) 24. Rxf7+ Kxf7 25. Nf3 Rxd3 ({Avoid the trap} 25... Qf2 $2 26. Rf1 $18) 26. Nxd4 Rxh3 27. Rf1+ Ke7 28. gxh3 {[%mdl 4096] Endgame KRN-KBN} Bg5 $1 29. a4 Nc4 30. Re1 Be3 31. Nf3 d4 $2 {[#]} (31... g5 $11) 32. Nxd4 $1 $16 {[%mdl 512]} g5 (32... Bxd4 $16 33. Re4 Bxe5) 33. Nf3 $18 h6 34. Kg2 Bf4 35. Kf2 Nb2 {White should prevent ...Nd3+.} 36. Re2 Nd3+ (36... Nxa4 $16 37. Ra2 Nc5 38. Rxa7 h5) 37. Kf1 Kd7 $2 (37... Nb4 {might work better.} 38. h4 Nd5 39. hxg5 hxg5) 38. Re4 Nc5 39. Rd4+ Kc7 40. Ke2 Kb6 41. h4 Nb3 42. Rb4 ({Less strong is} 42. Rd6+ Ka5 $18) 42... Nc1+ 43. Kd1 Nd3 44. Rd4 Nf2+ (44... Nc5 {was necessary.} 45. hxg5 Bxg5 46. Nxg5 hxg5) 45. Ke2 Nh3 46. Rd6+ Ka5 47. Rd7 g4 48. Nd2 (48. Rxb7 $18 gxf3+ 49. Kxf3 Kxa4 50. Kg4 (50. Rxa7+ Kxb5 51. Rb7+ Kc6 $16)) 48... Bxh2 49. Rxb7 ({White should try} 49. Kd3 $18) 49... Kxa4 $16 50. Rxa7+ Kxb5 51. Nf1 Bxe5 {The position is equal.} 52. Ne3 Nf4+ 53. Kf1 Bd4 54. Rb7+ Kc6 55. Rb3 h5 56. Ng2 Nd5 57. Rb8 Kd6 58. Rg8 Nf6 59. Rg5 Ne4 60. Rg6 $1 Ke5 61. Ke1 Kf5 62. Rg8 Ng3 63. Rf8+ $1 Ke4 64. Nf4 $1 e5 65. Ne2 $1 {[%cal Re2g3]} Nf5 66. Nxd4 exd4 $11 {KR-KN} 67. Rh8 Ng3 {White must now prevent ...Ke3.} 68. Kd2 $1 Kf3 69. Kd3 Kg2 70. Kxd4 Kh3 71. Ke5 Kxh4 72. Kf4 Ne2+ 73. Ke3 $1 {[%cal Re3e2]} Ng1 74. Kf4 Nh3+ 75. Ke3 Ng1 76. Kf4 Ne2+ 77. Ke3 Nc3 78. Kf4 Nd5+ 79. Ke4 Nf6+ 80. Kf5 Nd5 81. Ke4 Ne7 82. Rh7 Nc6 83. Kf4 Nd4 84. Ke4 Ne6 {Threatens to win with ...Ng5+.} 85. Rh6 Ng5+ 86. Kf4 Nh3+ 87. Ke3 Kg5 (87... Kg3 $5 {[%cal Rh5h4]} 88. Rxh5 Kg2 $11) 88. Ra6 Ng1 89. Ra5+ Kh4 90. Kf4 Ne2+ 91. Ke3 $1 {[%cal Re3e2]} Ng1 92. Kf4 Nh3+ 93. Ke3 Ng5 94. Kf4 Ne6+ 95. Ke3 Ng5 96. Kf4 Nf3 97. Rd5 Ne1 98. Ra5 Nf3 99. Rb5 (99. Rc5 {is more complex.} Ng1 100. Ra5) 99... Nd4 100. Re5 (100. Rd5 {looks sharper.} Ne2+ 101. Ke3 Ng1 102. Ra5 Nh3 103. Ke4) 100... Nf3 101. Rd5 Ng1 102. Ra5 Nh3+ 103. Ke3 Ng5 104. Kf4 Ne6+ 105. Ke3 Ng7 106. Ra7 Ne8 107. Kf4 Nf6 108. Ra5 g3 109. Rg5 Ng4 {aiming for ...g2.} 110. Rxh5+ $1 {Precision: White = 63%, Black = 40%.} 1/2-1/2

[Event "11th Arad Open 2018"]
[Site "Arad"]
[Date "2018.08.05"]
[Round "1"]
[White "Ciungan, Diana Alexandra"]
[Black "Costachi, Mihnea"]
[Result "0-1"]
[WhiteElo "1886"]
[BlackElo "2453"]
[Annotator "TA"]
[PlyCount "62"]
[EventDate "2018.08.05"]
[EventType "swiss"]
[EventCountry "ROU"]
[SourceTitle "playchess.com"]
[Source "ChessBase"]
[SourceQuality "1"]

{[%evp 29,62,-19,7,-34,-33,-54,-70,-128,-41,-62,-33,-54,-16,-19,-23,-42,-54,-48,-51,-52,-51,-82,-75,-74,-51,-53,-36,-874,-879,-848,-850,-842,-829,-823,-817]} 1. e4 e5 2. Nf3 Nc6 3. Bb5 {[%cal Bf1b5,Bb5a4,Ba4b3][%mdl 32]} a6 4. Ba4 Nf6 5. O-O Be7 6. Re1 b5 7. Bb3 O-O 8. d4 d6 9. c3 Bg4 10. Be3 exd4 11. cxd4 Na5 12. Bc2 Nc4 13. Bc1 c5 14. b3 Nb6 15. h3 {C91: Closed Ruy Lopez: 7...d6 8 c3 0-0 9 d4} Bh5 {LiveBook: 5 Games} (15... Bxf3 $5 16. Qxf3 cxd4 $11) 16. g4 $146 ({Predecessor:} 16. Nbd2 cxd4 17. Bb2 Nfd7 18. g4 d3 19. Bxd3 {1-0 (47) Leenhouts,K (2499)-Delorme,A (2513) Bastia 2016}) 16... Bg6 17. Nh4 {Black is slightly better.} cxd4 (17... Bxe4 18. Bxe4 Nxe4 19. Nf5 $11) 18. Nxg6 (18. Bb2 $15) 18... hxg6 ({Black should play} 18... fxg6 $17 19. a4 bxa4) 19. Bb2 Nfd7 20. Bxd4 Nc5 21. Nc3 Rc8 22. Nd5 Nxd5 23. exd5 Bf6 24. Rc1 $1 Nd7 {[%cal Bc5d7,Bd7e5,Be5f3,Bf3e1][%mdl 32]} 25. Qd3 Bxd4 26. Qxd4 Qf6 27. Qa7 Ne5 $36 {[%mdl 2048] Black fights for an advantage.} 28. Qe3 $2 {[%mdl 8192] [#]} (28. Be4 $15) 28... Nf3+ $19 {Black is clearly winning.} 29. Kg2 Nxe1+ 30. Qxe1 Rfe8 31. Qd1 Qb2 {Precision: White = 29%, Black = 52%.} 0-1

[Event "11th Arad Open 2018"]
[Site "Arad"]
[Date "2018.08.05"]
[Round "1"]
[White "Pirvulescu, Adrian"]
[Black "Cioara, Andrei Nestor"]
[Result "0-1"]
[WhiteElo "1878"]
[BlackElo "2435"]
[Annotator "TA"]
[PlyCount "48"]
[EventDate "2018.08.05"]
[EventType "swiss"]
[EventCountry "ROU"]
[SourceTitle "playchess.com"]
[Source "ChessBase"]
[SourceQuality "1"]

{[%evp 9,48,7,0,-16,0,-38,-28,-21,-26,-38,-23,-88,-92,-241,-228,-258,-247,-300,-305,-310,-305,-281,-173,-368,-236,-399,-347,-1143,-1115,-29990,-29991,-29991,-29992,-29992,-29993,-29993,-29994,-29997,-29998,-29998,-29999]} 1. e4 d5 2. exd5 Nf6 3. c4 c6 4. dxc6 Nxc6 5. d3 e5 6. Bg5 {B01: Scandinavian Defence} (6. Nc3 Bc5 7. Bg5 Bxf2+ 8. Kxf2 Ng4+ 9. Qxg4 Qb6+ 10. Be3 Qxb2+ 11. Qe2 Qxa1 12. Nd5 O-O 13. Nf3 Be6 14. Nc7 {1-0 (30) Shishkin,V (2493)-Koltsov,R (2276) Peterhof 2008}) 6... Bc5 {Threatens to win with ...Bxf2+!} 7. Qd2 $146 (7. Nc3 {seems wilder.} h6 8. Bxf6 Qxf6 9. Nf3 Be6 10. Be2) ({Predecessor:} 7. Be3 Qb6 8. Bxc5 Qxc5 9. f3 Qb4+ 10. Qd2 Qxd2+ 11. Nxd2 Bf5 12. O-O-O Nb4 13. a3 Nxd3+ 14. Bxd3 Bxd3 {½-½ (39) Tromp,A-Leydes,A Alkmaar 1984}) 7... Bf5 (7... O-O {keeps more tension.} 8. Nc3 h6 9. Bh4 Bf5 10. Nd5 Be7) 8. Nc3 {Black has an edge.} h6 9. Bxf6 Qxf6 10. O-O-O (10. Nd5 $11 {keeps the balance.} Qd8 11. Ne2) 10... O-O $36 {[%mdl 2048] Black is on the roll.} 11. f3 {[#]} (11. Nge2 $17) 11... Rfd8 $1 $19 12. g4 Bg6 13. Nd5 {[#]} Rxd5 $1 {[%mdl 512]} 14. cxd5 Nb4 {...Qa6 is the strong threat.} 15. Kb1 Nxd5 16. Nh3 $2 (16. h4 {keeps fighting.}) 16... Qb6 17. Ka1 $2 (17. Be2 {might work better.}) 17... Bd4 18. Rb1 $2 (18. Rc1) 18... Rc8 {And now ...Ne3 would win.} 19. Bg2 Nb4 {Black mates.} 20. Rhc1 Rxc1 21. Rxc1 Qa5 {[%csl Gb4][%cal Ra5a2]} 22. Rc8+ Kh7 {[%csl Gb4][%cal Ra5a2]} 23. a3 Qxa3+ 24. Kb1 Qa2+ {Precision: White = 23%, Black = 92%.} 0-1

[Event "11th Arad Open 2018"]
[Site "Arad"]
[Date "2018.08.05"]
[Round "1"]
[White "Cretu, Sorin Alexandru"]
[Black "Filip, Lucian-Ioan"]
[Result "0-1"]
[WhiteElo "1871"]
[BlackElo "2426"]
[Annotator "TA"]
[PlyCount "82"]
[EventDate "2018.08.05"]
[EventType "swiss"]
[EventCountry "ROU"]
[SourceTitle "playchess.com"]
[Source "ChessBase"]
[SourceQuality "1"]

{[%evp 19,82,0,20,-11,-8,-21,-9,-12,0,-58,-25,-40,-22,-44,-21,-31,-42,-98,-101,-86,-107,-83,-56,-116,-114,-120,-94,-126,-109,-119,-113,-116,-116,-124,-108,-180,-111,-112,0,-177,-186,-173,-173,-181,-164,-222,-219,-569,-568,-561,-556,-523,-527,-822,-803,-716,-606,-889,-873,-866,-860,-815,-806,-729,-726]} 1. e4 c5 2. Nf3 Nc6 3. d4 cxd4 4. Nxd4 e6 5. a3 Nf6 6. Nc3 Qc7 7. Be2 a6 8. O-O Be7 9. Kh1 O-O 10. f4 d6 {LiveBook: 21 Games} 11. Nf3 {B84: Sicilian Scheveningen: 6 Be2 a6, lines without early Be3} (11. Be3 b5 12. Qe1 Bb7 13. Qg3 {1-0 (13) Fedorchuk,S (2650)-Guliyev,N (2507) Paris 2011}) 11... b5 12. Qe1 Bb7 13. Bd3 {The position is equal.} b4 14. Nd1 ({White should play} 14. Na4 $11) 14... bxa3 15. bxa3 d5 16. Nf2 $146 ({Predecessor:} 16. exd5 Nxd5 17. Ng5 Bxg5 18. fxg5 Nde7 {1-0 (48) Toth,J-Schneider,A Jaszbereny 1977}) 16... dxe4 17. Nxe4 Na5 $36 {[%mdl 2048] Black is more active.} 18. Rb1 (18. Neg5 $15) 18... Bxe4 $17 19. Bxe4 Nxe4 20. Qxe4 Qc4 21. Nd2 (21. Re1 $1 $15) 21... Qxe4 22. Nxe4 Rfc8 23. c3 Rab8 24. Rxb8 Rxb8 25. Nd2 Nb3 26. g3 Kf8 27. Nb1 (27. a4 $17) 27... Na5 ({Better is} 27... Nxc1 $19 28. Rxc1 g5 29. fxg5 Bxg5) 28. Nd2 Nb3 (28... Ke8 $17 29. a4 Nb3 30. Nxb3 Rxb3) 29. Nb1 $1 $19 Nxc1 30. Rxc1 {[%mdl 4096] Endgame KRB-KRN} Rb2 31. c4 Bc5 32. Nc3 (32. a4 {was worth a try.}) 32... Bxa3 33. c5 $2 {[#]} (33. Ra1 {is a better chance.} Bb4 34. Na2) 33... Rxh2+ $1 {[%mdl 512] Black is clearly winning.} 34. Kxh2 {And now c6 would win.} Bxc1 {KB-KN} 35. c6 Ke7 36. Na4 Be3 37. Nb2 Bc5 38. Nc4 Kd8 39. Kg2 Kc7 40. Kf3 f6 41. Na5 Bb6 {Precision: White = 40%, Black = 70%.} 0-1

[Event "11th Arad Open 2018"]
[Site "Arad"]
[Date "2018.08.05"]
[Round "1"]
[White "Mogirzan, Matei Valeriu"]
[Black "Sanduleac, Vasile"]
[Result "0-1"]
[WhiteElo "1861"]
[BlackElo "2420"]
[Annotator "TA"]
[PlyCount "118"]
[EventDate "2018.08.05"]
[EventType "swiss"]
[EventCountry "ROU"]
[SourceTitle "playchess.com"]
[Source "ChessBase"]
[SourceQuality "1"]

{[%evp 10,118,12,4,17,15,0,2,1,15,43,32,39,-13,-7,-31,0,-30,0,-14,7,10,24,0,21,0,0,0,0,0,-7,-47,-40,-69,-75,-73,-70,-149,-136,-144,-141,-160,-131,-152,-135,-150,-136,-140,-133,-159,-152,-157,-137,-135,-130,-149,-133,-152,-156,-145,-142,-175,-156,-168,-154,-180,-123,-464,-486,-789,-784,-771,-768,-1203,-1168,-1075,-472,-450,-454,-550,-541,-560,-537,-677,-653,-651,-647,-642,-564,-554,-533,-648,-623,-771,-770,-820,-813,-796,-760,-1041,-925,-1511,-1270,-1408,-1261,-29989,-29990,-29992,-29993,-29993,-29994]} 1. e4 g6 2. d4 Bg7 3. Nc3 c6 4. Nf3 d5 5. exd5 cxd5 6. Bf4 {LiveBook: 23 Games} Nc6 {B15: Caro-Kann: 3 Nc3: 3...g6 and 3...dxe4 4 Nxe4 Nf6 5 Nxf6+ exf6} 7. Nb5 {[#] Hoping for Nc7+.} Kf8 8. c3 a6 {The position is equal.} 9. Na3 $1 Nf6 $146 ({Predecessor:} 9... Bg4 10. Be2 Bh6 11. Qd2 Kg7 12. Nc2 Bxf4 13. Qxf4 Nf6 14. Ne3 Bxf3 15. Bxf3 e6 16. O-O Qb8 17. Qh4 Qd6 18. g3 h6 19. Ng2 Ne7 20. Qh3 {½-½ (20) Dervishi,E (2315)-Verlan,S Herculane 1994}) 10. Bd3 Nh5 11. Bg3 ({White should try} 11. Be3 $14) 11... Nxg3 12. fxg3 Bf6 13. Nc2 Kg7 14. Qd2 Qd6 15. O-O Bd7 16. Rae1 Rhf8 17. Qe2 Kg8 18. Ne5 Rae8 19. Kh1 Bg7 20. h3 e6 21. Rf3 Nxe5 22. dxe5 Qb6 23. b3 ({White should play} 23. Rb1 $15) 23... Qc7 24. c4 dxc4 25. Bxc4 Bc6 26. Rf2 b5 27. Bd3 Rd8 28. Nb4 Bb7 29. Bb1 Rd4 30. Nd3 Re4 31. Qf1 Rd8 32. Rc1 Qe7 33. Nc5 Rxe5 34. Nxb7 Qxb7 35. Rfc2 {[#] Threatens to win with Rc7.} Rf5 36. Qe2 {next Rc7 is good for White.} Rfd5 37. Kh2 R5d7 (37... Be5 $19 {And now ...h5 would win.} 38. Rc6 h5) 38. Qe1 $2 {[%mdl 8192]} (38. a4 $17 {is more resistant.}) 38... Bh6 $19 39. Rf2 (39. a3 $142) 39... Bxc1 40. Qxc1 Rd1 41. Qg5 R8d5 42. Be4 Rxg5 (42... Qa7 $142 43. Qf4 R5d4) 43. Bxb7 {[%mdl 4096] Endgame KRR-KRB} a5 44. h4 Rc5 45. g4 Rd4 46. Kh3 Rc3+ 47. g3 Rdd3 48. Rg2 Kg7 49. Ba6 Rd5 50. Bb7 Rd6 51. Rb2 a4 {[%cal Ba5a4,Ba4a3][%mdl 32]} 52. Be4 a3 53. Re2 Rd1 54. Bg2 Rdd3 55. Re5 Rxg3+ 56. Kh2 Rxg4 57. Rxb5 Rc2 {Black mates.} 58. Kh1 Rgxg2 59. Re5 Rge2 {Precision: White = 31%, Black = 63%.} 0-1